[Event "6th Vergani Cup January 2022"]
[Site "Cattolica"]
[Date "2022.01.09"]
[Round "9.8"]
[White "Rakesh Kumar Jena"]
[Black "Lodici, Lorenzo"]
[Result "0-1"]
[WhiteElo "2325"]
[BlackElo "2524"]
[Annotator "TA"]
[PlyCount "60"]
[EventDate "2022.01.02"]
[EventType "swiss"]
[EventCountry "ITA"]
[SourceTitle "playchess.com"]
[Source "ChessBase"]
[SourceQuality "1"]

{[%evp 9,60,0,9,0,0,-18,-7,-14,-8,-14,-17,-33,-34,-43,-33,-50,-47,-50,-27,-77,-83,-89,-79,-78,-82,-80,-87,-83,-97,-148,-118,-132,-122,-128,-109,-197,-150,-163,-175,-148,-147,-245,-241,-256,-269,-250,-257,-253,-247,-269,-258,-460,-465]} 1. d4 Nf6 2. Bf4 b6 3. e3 Bb7 4. Nd2 g6 5. Ngf3 Bg7 6. h3 {A47: 1 d4 Nf6 2 Nf3 b6: Torre, London and Colle Systems.} d6 7. Bd3 Nbd7 8. O-O {The position is equal.} O-O 9. Bh2 Re8 10. e4 e5 11. d5 c6 12. c4 Nc5 13. Bc2 {[#]} a5 $146 {[%cal Ba7a5,Ba5a4][%mdl 32]} ({Predecessor:} 13... cxd5 14. exd5 b5 15. cxb5 Nxd5 16. Nc4 Nb4 17. Bb3 Bxf3 18. Qxf3 d5 19. Rad1 Nbd3 20. Nxe5 Bxe5 21. Bxd5 Bxh2+ 22. Kxh2 {0-1 (27) Carlstedt,J (2413)-Sachdev,T (2386) Hoogeveen 2017}) 14. a3 (14. Re1 $11) 14... a4 $17 15. Re1 Qc7 (15... cxd5 $6 16. cxd5 Qd7 17. Nb1 $11) 16. Rc1 b5 (16... Rec8 {seems wilder.} 17. Bg3 Nh5 18. Bh2 Nf4 19. dxc6 Qxc6 20. Nb1 Ba6) 17. cxb5 cxd5 18. exd5 {[%cal Oc2a4]} Bxd5 19. Be4 Nfxe4 {Black is more active.} (19... Bxe4 20. Nxe4 Nfxe4 21. Rxe4 $15) 20. Nxe4 Bxe4 21. Rxe4 Qb7 22. Rec4 (22. Rb4 $17) 22... Bf8 ({Weaker is} 22... Qxb5 23. Qxd6 Nb3 24. Rb4 $17) (22... e4 $19 {aiming for ...Nd3.} 23. Ne1 Nb3) 23. Nd2 Qxb5 {Hoping for ...d5.} 24. Rb4 Qa6 {White must now prevent ...Nd3.} 25. Nc4 (25. Ne4 $17 Nxe4 26. Rxe4) 25... Nb3 $19 26. Rb6 {[#]} Qa7 27. Qd5 Rab8 (27... Nxc1 $2 {perishes.} 28. Rb7 Qxb7 29. Qxb7) 28. Rxb8 Qxb8 ({Inferior is} 28... Rxb8 29. Rd1 Nd4 30. Nxd6 $17) 29. Rd1 {[%cal Rc4d6]} Nd4 30. Rd2 $2 {[#]} (30. Nxe5 Ne2+ 31. Kf1 dxe5 32. Kxe2) 30... Rc8 {Weighted Error Value: White=0.27 (precise) /Black=0.05 (flawless)} 0-1

[Event "6th Vergani Cup January 2022"]
[Site "Cattolica"]
[Date "2022.01.09"]
[Round "9.9"]
[White "Brunello, Sabino"]
[Black "Gilevych, Artem"]
[Result "1/2-1/2"]
[WhiteElo "2503"]
[BlackElo "2407"]
[Annotator "TA"]
[PlyCount "47"]
[EventDate "2022.01.02"]
[EventType "swiss"]
[EventCountry "ITA"]
[SourceTitle "playchess.com"]
[Source "ChessBase"]
[SourceQuality "1"]

{[%evp 17,47,0,24,0,6,-20,-27,-33,-14,-19,-23,-37,-28,-75,-21,-20,-28,-81,-60,-101,-52,-120,-106,-113,-92,-125,-113,-119,-112,-143,-98,-122]} 1. Nf3 d5 2. g3 Bg4 3. Bg2 Nd7 4. c4 e6 5. cxd5 exd5 6. Nc3 Ngf6 7. O-O c6 8. d3 Be7 9. h3 {9.Qc2 is not played anymore.} Bh5 (9... Bxf3 $5 10. Bxf3 O-O $11) 10. g4 {A11: English Opening: 1...c6.} Bg6 {[#]} 11. Nh4 $146 ({Predecessor:} 11. Bf4 O-O 12. Nh4 Qb6 13. Nxg6 fxg6 14. Na4 Qd8 15. e4 b5 16. Nc3 Nb6 17. e5 Nfd7 {0-1 (55) Do Prado,F-Massarioli,F (2065) Santos 2008}) 11... d4 12. Nxg6 {Black has an edge.} hxg6 13. Ne4 Nxe4 14. dxe4 Qb6 15. e3 (15. Rb1 $11) 15... dxe3 (15... Bc5 $17 {[%cal Rd4e3]} 16. exd4 Bxd4) 16. Bxe3 $11 Bc5 17. Bd2 (17. Bf4 $1 $11 {keeps the balance.}) 17... Bd4 18. Kh1 (18. Rb1 $15) 18... Nc5 (18... Bxb2 $2 19. Rb1 $18) (18... O-O-O $17 {Strongly threatening ...Ne5.} 19. Rb1 Qb5) 19. Bc3 ({Better is} 19. Rb1 $15) 19... Bxc3 $17 20. bxc3 g5 21. f4 gxf4 22. Rxf4 Rd8 23. Qf1 Rd7 (23... O-O $142 24. Rf5 Nd3) 24. Rb1 {Weighted Error Value: White=0.34/Black=0.21 (precise)} 1/2-1/2

[Event "6th Vergani Cup January 2022"]
[Site "Cattolica"]
[Date "2022.01.09"]
[Round "9.10"]
[White "Formento, Paolo"]
[Black "Pasztor, Balazs"]
[Result "1/2-1/2"]
[WhiteElo "2401"]
[BlackElo "2347"]
[Annotator "TA"]
[PlyCount "40"]
[EventDate "2022.01.02"]
[EventType "swiss"]
[EventCountry "ITA"]
[SourceTitle "playchess.com"]
[Source "ChessBase"]
[SourceQuality "1"]

{[%evp 12,40,2,0,7,6,22,6,20,26,18,29,22,19,42,-2,0,-33,-18,-33,-24,-29,-18,-29,4,0,27,-24,0,0,20]} 1. d4 Nf6 2. c4 e6 3. Nc3 Bb4 4. e3 O-O 5. Nge2 Re8 6. a3 Bf8 7. e4 {[#] Hoping for e5.} d6 {E46: Nimzo-Indian: Rubinstein: 4 e3 0-0 5 Ne2 without early Bd3.} 8. g3 {is the legacy move (8.Ng3).} c5 9. Bg2 cxd4 10. Nxd4 {[#]} d5 $146 ({Predecessor:} 10... a6 11. O-O Qc7 12. Be3 Nc6 13. Rc1 Na5 14. b3 Bd7 15. h3 Rac8 16. Re1 Qb8 {½-½ (46) Kantorik,M (2180)-Kristoferitsch,D (2325) Innsbruck 2021}) 11. e5 Nfd7 12. cxd5 Nxe5 13. O-O (13. dxe6 $14 Nbc6 14. Nxc6 Nxc6 15. Qxd8 Nxd8 16. O-O) 13... exd5 $11 14. Nxd5 Bg4 (14... Nbc6 $5 {[%cal Rc8g4]} 15. Be3 Bg4 $11) 15. Qb3 Nbc6 16. Be3 Na5 17. Qa2 Bc5 {[#] ...Bxd4 is the strong threat.} 18. Nc2 Bf8 19. Nd4 (19. f4 $142 Nd7 20. b4) 19... Bc5 {aiming for ...Bxd4.} 20. Nc2 Bf8 {An interesting draw.  Weighted Error Value: White=0.13 (very precise) /Black=0.08 (flawless)} 1/2-1/2